00531nam a2200181 a 45000010010000000030011000100080041000210350026000620820016000881000021001042450018001252600051001436500011001949420012002059520097002179980020003149990015003340000-9338ELIB.Books110520 1969  a(ELIB.Books)0000-9490 a264.1 bLin aLindsell, Harold aWhen you pray bWheaton: Tyndale House Publishers, Inc. c1969 aPrayer 2ddccBK 00102ddc4070aKBTSbKBTSd2011-05-20l0p1586, 15277r2022-01-22 00:00:00w2022-01-22yBK cbate2011-05-20 c9338d9338